Beyond the microscope : (Record no. 12630)
[ view plain ]
| 000 -LEADER | |
|---|---|
| fixed length control field | 00884nam a22002412 4500 |
| 001 - CONTROL NUMBER | |
| control field | 12630 |
| 003 - CONTROL NUMBER IDENTIFIER | |
| rucl marc code | BD-RjUL |
| 005 - DATE AND TIME OF LATEST TRANSACTION | |
| control field | 20211208235329.0 |
| 008 - FIXED-LENGTH DATA ELEMENTS--GENERAL INFORMATION | |
| fixed length control field | 140129s1957 nyucf 000 0 eng d |
| 035 ## - SYSTEM CONTROL NUMBER | |
| System control number | (BD-RjUL)12679 |
| 040 ## - CATALOGING SOURCE | |
| Original cataloging agency | NDD |
| Transcribing agency | NDD |
| Modifying agency | UKM |
| -- | EQO |
| -- | BD-RjUL |
| Language of cataloging | eng |
| 041 ## - LANGUAGE CODE | |
| Language code of text/sound track or separate title | eng |
| 082 ## - DEWEY DECIMAL CLASSIFICATION NUMBER | |
| Classification number | 579.2 |
| Author mark and year | SMB 1957 |
| 100 1# - MAIN ENTRY--PERSONAL NAME | |
| Personal name | Smith, Kenneth M. |
| Fuller form of name | (Kenneth Manley), |
| Dates associated with a name | 1892-1981 |
| 9 (RLIN) | 39338 |
| 245 10 - TITLE STATEMENT | |
| Title | Beyond the microscope : |
| Remainder of title | being an account of a voyage of discovery in the borderland country between the 'living' organism and the 'non- living' chemical / |
| Statement of responsibility, etc. | Kenneth M. Smith. |
| 250 ## - EDITION STATEMENT | |
| Edition statement | [New and revised edition] |
| 260 ## - PUBLICATION, DISTRIBUTION, ETC. (IMPRINT) | |
| Place of publication, distribution, etc. | New York : |
| Name of publisher, distributor, etc. | Penguin Books, |
| Date of publication, distribution, etc. | 1957 |
| 300 ## - PHYSICAL DESCRIPTION | |
| Pagination | 156 p. : |
| Illustrations | incl. front. (port.) diagr. plates. ; |
| Size | 19 cm. |
| 490 0# - SERIES STATEMENT | |
| Series statement | Pelican books |
| 650 #0 - SUBJECT ADDED ENTRY--TOPICAL TERM | |
| Topical term or geographic name as entry element | Viruses |
| 9 (RLIN) | 39339 |
| Topical term or geographic name as entry element | Diseases |
| General subdivision | Causes and theories of causation |
| 9 (RLIN) | 37716 |
| 942 ## - ADDED ENTRY ELEMENTS (KOHA) | |
| Source of classification or shelving scheme | Dewey Decimal Classification |
| Koha item type | Books |
| Lost status | Source of classification or shelving scheme | Damaged status | Not for loan | Collection code | Permanent Location | Current Location | Shelving location | Date acquired | Source of acquisition | Total Checkouts | Full call number | Date last seen | Copy number | Koha item type |
|---|---|---|---|---|---|---|---|---|---|---|---|---|---|---|
| Dewey Decimal Classification | Not For Loan | Non-fiction | Central Library, University of Rajshahi | Central Library, University of Rajshahi | Reading Room | 16/05/1963 | Asia Foundation | 579.2 SMB 1957 | 29/01/2014 | C-1 | Books |